000 00325nam a22001457a 4500
008 230926b ||||| |||| 00| 0 eng d
020 _a0155405489
041 _aeng
080 _a316
082 _a316MER
100 _a24
101 _aSOCIOLO
245 _aTHE IDEA OF SOCIAL STRUCTURE
_cMERTON .K .R
942 _2udc
_cBK
999 _c60400
_d60400